Statistiken für Schweizer Gemeinden: Aadorf-Démoret

Klicken Sie hier um das Quiz zu spielen!

Allgemein

  • Dieses Quiz wurde 52 mal gespielt
    (37 seit der letzten Aktualisierung)
  • Das Durchschnittsergebnis liegt bei 170 aus 500

Antwortstatistiken

GemeindeKanton% Korrekt
AadorfTG
100%
AarauAG
100%
Burg im LeimentalBL
100%
Berg am IrchelZH
92%
BernBE
92%
BielBE
92%
Biel-BenkenBL
92%
Brig-GlisVS
92%
BurgAG
92%
AarbergBE
83%
AllschwilBL
83%
AltdorfUR
83%
BaselBS
83%
Bas-IntyamonFR
83%
BrüggBE
83%
BruggAG
83%
BurgdorfBE
83%
ChurGR
83%
AbtwilAG
75%
AmriswilTG
75%
AndelfingenZH
75%
AppenzellAI
75%
AsconaTI
75%
AttinghausenUR
75%
AuSG
75%
BadenAG
75%
Basse-AllaineJU
75%
BassersdorfZH
75%
BenkenSG | ZH
75%
BergSG | TG
75%
BoswilAG
75%
ChamZG
75%
DavosGR
75%
AdligenswilLU
67%
AdliswilZH
67%
AeschBL | LU | ZH
67%
AlleJU
67%
AltendorfSZ
67%
AndermattUR
67%
ArisdorfBL
67%
ArosaGR
67%
AvenchesVD
67%
Breil/BrigelsGR
67%
BubikonZH
67%
BuchSH
67%
Buch am IrchelZH
67%
BuchsAG | SG | ZH
67%
BülachZH
67%
BürglenTG | UR
67%
CourtBE
67%
DelémontJU
67%
Affoltern am AlbisZH
58%
Affoltern im EmmentalBE
58%
AgnoTI
58%
AlpnachOW
58%
AltikonZH
58%
AltstättenSG
58%
AristauAG
58%
AubonneVD
58%
BaumaZH
58%
BeinwilSO
58%
Beinwil am SeeAG
58%
Beinwil (Freiamt)AG
58%
BirmensdorfZH
58%
BrienzBE
58%
BuchrainLU
58%
BulleFR
58%
CarougeGE
58%
ChurwaldenGR
58%
CressierFR | NE
58%
AarburgAG
50%
AarwangenBE
50%
AeschiSO
50%
Aeschi bei SpiezBE
50%
AiroloTI
50%
AltbüronLU
50%
AmdenSG
50%
ArthSZ
50%
AttalensFR
50%
AuwAG
50%
AvryFR
50%
BaarZG
50%
BachenbülachZH
50%
BachsZH
50%
BeckenriedNW
50%
Bergün FilisurGR
50%
BerikonAG
50%
BinnVS
50%
BinningenBL
50%
BirrAG
50%
BösingenFR
50%
BrocFR
50%
BrünisriedFR
50%
BucheggSO
50%
BünzenAG
50%
BuochsNW
50%
BureJU
50%
Büren an der AareBE
50%
ButtisholzLU
50%
ChiassoTI
50%
CottensFR | VD
50%
CourgevauxFR
50%
CourtepinFR
50%
DardagnyGE
50%
DättlikonZH
50%
AdelbodenBE
42%
AdlikonZH
42%
AedermannsdorfSO
42%
Aeugst am AlbisZH
42%
AffeltrangenTG
42%
AlpthalSZ
42%
AlterswilFR
42%
AltishofenLU
42%
Amlikon-BisseggTG
42%
AmmerswilAG
42%
AndeerGR
42%
Arbedo-CastioneTI
42%
ArbonTG
42%
ArniAG | BE
42%
AuensteinAG
42%
Bad ZurzachAG
42%
BalsthalSO
42%
BellikonAG
42%
BellinzonaTI
42%
BelpBE
42%
BergdietikonAG
42%
BerneckSG
42%
BettwilAG
42%
BiascaTI
42%
BièreVD
42%
BiglenBE
42%
BirrwilAG
42%
BodioTI
42%
BoltigenBE
42%
BonstettenZH
42%
BottmingenBL
42%
BremgartenAG
42%
Bremgarten bei BernBE
42%
BrissagoTI
42%
BrusioGR
42%
BrüttenZH
42%
BubendorfBL
42%
BürenSO
42%
BüttikonAG
42%
ButtwilAG
42%
CadenazzoTI
42%
ClavaleyresBE
42%
CossonayVD
42%
CourgenayJU
42%
CrissierVD
42%
CugyFR | VD
42%
DachsenZH
42%
DägerlenZH
42%
DagmersellenLU
42%
DallenwilNW
42%
DällikonZH
42%
DémoretVD
42%
AcquarossaTI
33%
AefligenBE
33%
AegertenBE
33%
AgarnVS
33%
AigleVD
33%
AlberswilLU
33%
AlbinenVS
33%
Albula/AlvraGR
33%
AllamanVD
33%
AltnauTG
33%
Alto MalcantoneTI
33%
AndwilSG
33%
AnièresGE
33%
ArchBE
33%
ArlesheimBL
33%
ArognoTI
33%
AssensVD
33%
AttiswilBE
33%
AuborangesFR
33%
AugstBL
33%
AusserbergVS
33%
AutignyFR
33%
AversGR
33%
BaldingenAG
33%
BallwilLU
33%
BaltschiederVS
33%
BannwilBE
33%
BargenBE | SH
33%
BäriswilBE
33%
Basadingen-SchlattingenTG
33%
BauenUR
33%
BellachSO
33%
BellwaldVS
33%
BeringenSH
33%
BerlingenTG
33%
BernexGE
33%
BeromünsterLU
33%
BettingenBS
33%
BettlachSO
33%
BettmeralpVS
33%
Bichelsee-BalterswilTG
33%
Billens-HennensFR
33%
BirmenstorfAG
33%
BirrhardAG
33%
BirsfeldenBL
33%
BischofszellTG
33%
BitschVS
33%
BlauenBL
33%
BleienbachBE
33%
BlenioTI
33%
BlumensteinBE
33%
BöbikonAG
33%
BolkenSO
33%
BolligenBE
33%
BoniswilAG
33%
BottenwilAG
33%
BotterensFR
33%
BöttsteinAG
33%
BözbergAG
33%
BözenAG
33%
BreitenbachSO
33%
BüronLU
33%
BussignyVD
33%
Bütschwil-GanterschwilSG
33%
Celerina/SchlagrinaGR
33%
ChampéryVS
33%
ColdrerioTI
33%
Collex-BossyGE
33%
CorcellesBE
33%
Corcelles-CormondrècheNE
33%
Corcelles-le JoratVD
33%
Corcelles-près-ConciseVD
33%
Corcelles-près-PayerneVD
33%
Crans-près-CélignyVD
33%
DänikonZH
33%
DegersheimSG
33%
AclensVD
25%
AgiezVD
25%
Aire-la-VilleGE
25%
AlchenstorfBE
25%
AllmendingenBE
25%
AmsoldingenBE
25%
AnniviersVS
25%
AnwilBL
25%
ArannoTI
25%
ArbazVS
25%
ArboldswilBL
25%
ArconcielFR
25%
ArdonVS
25%
Arnex-sur-NyonVD
25%
Arnex-sur-OrbeVD
25%
AstanoTI
25%
Avegno GordevioTI
25%
AvullyGE
25%
BalernaTI
25%
Balm bei GünsbergSO
25%
BäretswilZH
25%
BassinsVD
25%
BaulmesVD
25%
BellevueGE
25%
BelprahonBE
25%
BennwilBL
25%
BercherVD
25%
BerkenBE
25%
BerolleVD
25%
BesenbürenAG
25%
BeverGR
25%
BexVD
25%
BiberistSO
25%
BibersteinAG
25%
BiezwilSO
25%
Bioley-MagnouxVD
25%
Bioley-OrjulazVD
25%
BirwinkenTG
25%
BissoneTI
25%
BisterVS
25%
BonaduzGR
25%
BönigenBE
25%
BoningenSO
25%
BoppelsenZH
25%
BottensVD
25%
BottighofenTG
25%
BoudryNE
25%
Bougy-VillarsVD
25%
BremblensVD
25%
Bretigny-sur-MorrensVD
25%
BrienzwilerBE
25%
BrislachBL
25%
BruneggAG
25%
Brusino ArsizioTI
25%
BuchbergSH
25%
BühlBE
25%
BühlerAR
25%
BürchenVS
25%
BurgisteinBE
25%
BursinsVD
25%
BüsserachSO
25%
Busswil bei MelchnauBE
25%
Bussy-sur-MoudonVD
25%
BuusBL
25%
CademarioTI
25%
CalancaGR
25%
CamaGR
25%
CazisGR
25%
CélignyGE
25%
ChamosonVS
25%
ChampozBE
25%
ChampventVD
25%
ChancyGE
25%
Châtel-Saint-DenisFR
25%
Châtel-sur-MontsalvensFR
25%
ChavornayVD
25%
Chêne-BougeriesGE
25%
Chêne-BourgGE
25%
Chêne-PâquierVD
25%
ChesselVD
25%
Cheyres-ChâblesFR
25%
ChippisVS
25%
Collombey-MurazVS
25%
Collonge-BelleriveGE
25%
ContheyVS
25%
CormoretBE
25%
CortébertBE
25%
CourtelaryBE
25%
CourtételleJU
25%
CréminesBE
25%
CudrefinVD
25%
DänikenSO
25%
DärligenBE
25%
DärstettenBE
25%
DeitingenSO
25%
Arzier-Le MuidsVD
17%
AuswilBE
17%
AvusyGE
17%
AyentVS
17%
Bad RagazSG
17%
BalgachSG
17%
BallaiguesVD
17%
BallensVD
17%
BardonnexGE
17%
BätterkindenBE
17%
BättwilSO
17%
BeatenbergBE
17%
BedanoTI
17%
BediglioraTI
17%
BedrettoTI
17%
BeggingenSH
17%
BelfauxFR
17%
BellmundBE
17%
Belmont-BroyeFR
17%
Belmont-sur-LausanneVD
17%
Belmont-sur-YverdonVD
17%
BettenhausenBE
17%
BettensVD
17%
BettwiesenTG
17%
BioggioTI
17%
BlattenVS
17%
BlonayVD
17%
BöcktenBL
17%
BoécourtJU
17%
BofflensVD
17%
BoncourtJU
17%
BonfolJU
17%
BonvillarsVD
17%
BorexVD
17%
Bosco/GurinTI
17%
BossonnensFR
17%
BoulensVD
17%
Bourg-en-LavauxVD
17%
Bourg-Saint-PierreVS
17%
BournensVD
17%
BourrignonJU
17%
BoussensVD
17%
BovernierVS
17%
BowilBE
17%
BraunauTG
17%
BregagliaGR
17%
BreggiaTI
17%
BrenzikofenBE
17%
BretonnièresVD
17%
BretzwilBL
17%
Brione sopra MinusioTI
17%
Brione (Verzasca)TI
17%
BrittnauAG
17%
Brot-PlambozNE
17%
BrüttelenBE
17%
BuchillonVD
17%
BucktenBL
17%
BüetigenBE
17%
BursinelVD
17%
BurtignyVD
17%
BusenoGR
17%
BussnangTG
17%
BüttenhardtSH
17%
CadempinoTI
17%
Campo (Vallemaggia)TI
17%
CanobbioTI
17%
CapriascaTI
17%
CartignyGE
17%
CaslanoTI
17%
CastanedaGR
17%
Castel San PietroTI
17%
Casti-WergensteinGR
17%
CentovalliTI
17%
CerentinoTI
17%
CevioTI
17%
ChalaisVS
17%
ChamblonVD
17%
ChampagneVD
17%
ChamptaurozVD
17%
Chapelle (Glâne)FR
17%
ChardonneVD
17%
Château-d'OexVD
17%
ChâtillonFR | JU
17%
ChâtonnayeFR
17%
Chavannes-de-BogisVD
17%
Chavannes-des-BoisVD
17%
Chavannes-le-ChêneVD
17%
Chavannes-le-VeyronVD
17%
Chavannes-près-RenensVD
17%
Chavannes-sur-MoudonVD
17%
ChénensFR
17%
Cheseaux-NoréazVD
17%
Cheseaux-sur-LausanneVD
17%
ChéserexVD
17%
ChevillyVD
17%
ChevrouxVD
17%
ChexbresVD
17%
ChignyVD
17%
ChoulexGE
17%
Clos du DoubsJU
17%
Collina d'OroTI
17%
CollongesVS
17%
ColognyGE
17%
ConciseVD
17%
ConfignonGE
17%
Conters im PrättigauGR
17%
CoppetVD
17%
CorbeyrierVD
17%
CorbièresFR
17%
CorgémontBE
17%
CorminboeufFR
17%
CornauxNE
17%
CorseauxVD
17%
CorsierGE
17%
Corsier-sur-VeveyVD
17%
CortaillodNE
17%
CourchapoixJU
17%
CourchavonJU
17%
CourrendlinJU
17%
CourrouxJU
17%
CourtedouxJU
17%
CrassierVD
17%
CrésuzFR
17%
CronayVD
17%
CroyVD
17%
Cugnasco-GerraTI
17%
CurioTI
17%
CurtillesVD
17%
DaillensVD
17%
DalpeTI
17%
DamphreuxJU
17%
Delley-PortalbanFR
17%
AltwisLU
8%
BagnesVS
8%
BärschwilSO
8%
BavoisVD
8%
BegninsVD
8%
BeurnevésinJU
8%
Bogis-BosseyVD
8%
BuchholterbergBE
8%
BulletVD
8%
CharratVS
8%
ClarmontVD
8%
CoeuveJU
8%
CoinsinsVD
8%
ComanoTI
8%
CommugnyVD
8%
CornolJU
8%
Crans-MontanaVS
8%
CroglioTI
8%
CuarnensVD
8%
CuarnyVD
8%
CuregliaTI
8%
Deisswil bei MünchenbuchseeBE
8%
ApplesVD
0%
Bussy-ChardonneyVD
0%
CheiryFR
0%
CorippoTI
0%
CorsereyFR
0%

Verteilung der Resultate

Perzentil nach korrekt beantworteten Fragen

Anzahl Personen mit jedem Resultat

Ihre Resultats-Entwicklung

Sie haben dieses Quiz seit der letzten Aktualisierung nicht gespielt